[Event "DEN-ch blitz Gp2"]
[Site "Svendborg"]
[Date "2019.04.19"]
[Round "4"]
[White "Chatalbashev, Boris"]
[Black "Christensen, Tobias"]
[Result "1-0"]
[WhiteElo "2531"]
[BlackElo "2341"]
[PlyCount "59"]
[EventDate "2019.04.19"]
[EventType "tourn (blitz)"]
[EventRounds "7"]
[EventCountry "DEN"]
[SourceTitle "EXT 2020"]
[Source "ChessBase"]
[SourceDate "2019.10.17"]
[SourceVersion "1"]
[SourceVersionDate "2019.10.17"]
[SourceQuality "1"]

1. d4 g6 2. c4 Bg7 3. e4 Nc6 4. Ne2 d6 5. Nbc3 e5 6. d5 Nd4 7. Be3 c5 8. dxc6 Nxc6 9. Nb5 Bf8 10. Qd2 a6 11. Nbc3 Nf6 12. f3 Bg7 13. g4 0-0 14. h4 h5 15. g5 Ne8 16. Nd5 Be6 17. Bh3 Qd7 18. Nb6 Qd8 19. Bxe6 fxe6 20. Nxa8 Qxa8 21. Rf1 b5 22. c5 dxc5 23. Bxc5 Rf7 24. Rd1 Bf8 25. Bxf8 Kxf8 26. f4 Nd4 27. Nxd4 Qxe4+ 28. Qe2 Qd5 29. Qxe5 Qxa2 30. Qh8+ 1-0

[Event "Copenhagen Obro New Year op"]
[Site "Copenhagen"]
[Date "2018.12.29"]
[Round "4"]
[White "Hansen, Soren Bech"]
[Black "Christensen, Tobias"]
[Result "1/2-1/2"]
[WhiteElo "2244"]
[BlackElo "2344"]
[PlyCount "32"]
[EventDate "2018.12.27"]
[EventType "swiss"]
[EventRounds "7"]
[EventCountry "DEN"]
[SourceTitle "CBM 189 Extra"]
[Source "ChessBase"]
[SourceDate "2019.06.03"]
[SourceVersion "1"]
[SourceVersionDate "2019.06.03"]
[SourceQuality "1"]

1. e4 e6 2. d4 d5 3. e5 c5 4. c3 Nc6 5. Nf3 Bd7 6. a3 f6 7. Bd3 fxe5 8. dxe5 Qc7 9. Qe2 c4 10. Bc2 Nh6 11. Bf4 g6 12. 0-0 Bg7 13. Nbd2 0-0 14. Bg3 Rae8 15. Rfe1 b5 16. Nd4 Nxd4 1/2-1/2

[Event "DEN-chT 1718 56th"]
[Site "Denmark"]
[Date "2018.03.11"]
[Round "9.2"]
[White "Christensen, Tobias"]
[Black "Hoi, Carsten"]
[Result "1/2-1/2"]
[WhiteElo "2352"]
[BlackElo "2354"]
[PlyCount "52"]
[EventDate "2017.11.18"]
[EventType "team-tourn"]
[EventRounds "9"]
[EventCountry "DEN"]
[SourceTitle "EXT 2019"]
[Source "ChessBase"]
[SourceDate "2018.10.10"]
[SourceVersion "1"]
[SourceVersionDate "2018.10.10"]
[SourceQuality "1"]
[WhiteTeam "Aarhus/Skolerne"]
[BlackTeam "Bronshoj"]
[WhiteTeamCountry "DEN"]
[BlackTeamCountry "DEN"]

1. e4 g6 2. d4 Bg7 3. Nc3 d6 4. f4 Nf6 5. Nf3 0-0 6. e5 dxe5 7. dxe5 Qxd1+ 8. Kxd1 Nh5 9. Ke2 Nc6 10. Kf2 f6 11. Bc4+ Kh8 12. e6 Na5 13. Bd3 f5 14. Bd2 Bxe6 15. Nb5 Nc4 16. Nxc7 Nxd2 17. Nxe6 Ne4+ 18. Bxe4 fxe4 19. Nxf8 Rxf8 20. Ng5 Bd4+ 21. Ke1 Bxb2 22. Rb1 Bc3+ 23. Kf2 Bd4+ 24. Ke1 Bc3+ 25. Kf2 Bd4+ 26. Ke1 Bc3+ 1/2-1/2

[Event "Aarhus-chA"]
[Site "Aarhus"]
[Date "2018.02.16"]
[Round "1"]
[White "Hansen, Lars"]
[Black "Christensen, Tobias"]
[Result "1/2-1/2"]
[WhiteElo "2242"]
[BlackElo "2337"]
[PlyCount "37"]
[EventDate "2018.02.16"]
[EventType "tourn"]
[EventRounds "5"]
[EventCountry "DEN"]
[EventCategory "1"]
[SourceTitle "CBM 183 Extra"]
[Source "ChessBase"]
[SourceDate "2018.04.19"]
[SourceVersion "1"]
[SourceVersionDate "2018.04.19"]
[SourceQuality "1"]

1. d4 Nf6 2. Bg5 g6 3. Nd2 Bg7 4. c3 d5 5. Ngf3 0-0 6. e3 c5 7. Be2 a5 8. 0-0 a4 9. b4 c4 10. h3 b5 11. Ne1 Ne4 12. Nxe4 dxe4 13. f3 f6 14. Bh4 f5 15. fxe4 fxe4 16. Rxf8+ Bxf8 17. Nc2 Qd5 18. Bg4 Ba6 19. Qe1 1/2-1/2

[Event "DEN-chT 1718 56th"]
[Site "Denmark"]
[Date "2018.01.13"]
[Round "5.1"]
[White "Brynell, Stellan"]
[Black "Christensen, Tobias"]
[Result "1/2-1/2"]
[WhiteElo "2411"]
[BlackElo "2352"]
[PlyCount "52"]
[EventDate "2017.11.18"]
[EventType "team-tourn"]
[EventRounds "9"]
[EventCountry "DEN"]
[SourceTitle "EXT 2019"]
[Source "ChessBase"]
[SourceDate "2018.10.10"]
[SourceVersion "1"]
[SourceVersionDate "2018.10.10"]
[SourceQuality "1"]
[WhiteTeam "Nordkalotten"]
[BlackTeam "Aarhus/Skolerne"]
[WhiteTeamCountry "DEN"]
[BlackTeamCountry "DEN"]

1. d4 e6 2. Nf3 f5 3. g3 Nf6 4. Bg2 d5 5. 0-0 Bd6 6. c4 0-0 7. Qc2 c6 8. Nc3 Qe7 9. Rb1 Nbd7 10. c5 Bc7 11. b4 e5 12. dxe5 Nxe5 13. Nxe5 Bxe5 14. e3 Bd7 15. Bb2 Rae8 16. Ne2 g5 17. Bxe5 Qxe5 18. Qb2 Qe6 19. Qd4 Ng4 20. h3 Nf6 21. Rb3 Qf7 22. f4 h6 23. Nc3 Qe7 24. Ne2 Qf7 25. Nc3 Qe7 26. Ne2 Qf7 1/2-1/2

[Event "Aarhus op-A"]
[Site "Aarhus"]
[Date "2017.09.08"]
[Round "3"]
[White "Light, Bjarne"]
[Black "Christensen, Tobias"]
[Result "1-0"]
[WhiteElo "2223"]
[BlackElo "2353"]
[PlyCount "127"]
[EventDate "2017.09.08"]
[EventType "swiss"]
[EventRounds "7"]
[EventCountry "DEN"]
[SourceTitle "EXT 2018"]
[Source "ChessBase"]
[SourceDate "2017.10.13"]
[SourceVersion "1"]
[SourceVersionDate "2017.10.13"]
[SourceQuality "1"]

1. c4 e5 2. g3 c6 3. Nf3 e4 4. Nd4 d5 5. cxd5 Qxd5 6. Nc2 Nf6 7. Bg2 Qe5 8. Nc3 Bc5 9. b3 0-0 10. Bb2 Qe7 11. Ne3 Bxe3 12. fxe3 Bf5 13. 0-0 Bg6 14. Qc1 Re8 15. Na4 Nbd7 16. Qc2 Nd5 17. a3 Rad8 18. Rac1 f6 19. b4 h6 20. Bd4 a6 21. Nc5 Nxc5 22. bxc5 Kh7 23. Rb1 Rb8 24. Rb2 Rbc8 25. Rfb1 Rc7 26. Qa4 Qf7 27. Qc2 Ree7 28. Bc3 Nxc3 29. Qxc3 Qe6 30. Rb4 Rcd7 31. Rf1 Qe5 32. Rd4 Rd5 33. Rxd5 Qxc3 34. dxc3 cxd5 35. Rb1 Rc7 36. Kf2 Rxc5 37. Rxb7 Rxc3 38. a4 Rc4 39. Bh3 f5 40. g4 fxg4 41. Bxg4 Rc6 42. a5 Rf6+ 43. Ke1 h5 44. Bh3 Be8 45. Rb6 Bb5 46. Bc8 Kg6 47. Bb7 Bc4 48. Kd2 Kg5 49. Kc3 Kh4 50. Kd4 Bxe2 51. Bxd5 Kh3 52. Bxe4 Kxh2 53. Rb2 Rf2 54. Bd3 Kg3 55. Rxe2 Rxe2 56. Bxe2 h4 57. Bxa6 Kf2 58. Bb7 g5 59. a6 g4 60. a7 g3 61. a8Q h3 62. Qa2+ Kg1 63. Qb1+ Kh2 64. Qh1# 1-0

[Event "DEN-ch cand"]
[Site "Skorping"]
[Date "2017.04.15"]
[Round "5"]
[White "Pedersen, Nicolai Kvist Brond"]
[Black "Christensen, Tobias"]
[Result "1/2-1/2"]
[WhiteElo "2169"]
[BlackElo "2361"]
[PlyCount "104"]
[EventDate "2017.04.11"]
[EventType "swiss"]
[EventRounds "7"]
[EventCountry "DEN"]
[SourceTitle "EXT 2018"]
[Source "ChessBase"]
[SourceDate "2017.10.13"]
[SourceVersion "1"]
[SourceVersionDate "2017.10.13"]
[SourceQuality "1"]

1. c4 g6 2. Nf3 Bg7 3. d4 d6 4. Nc3 Nc6 5. e3 e5 6. Be2 Nf6 7. dxe5 Nxe5 8. Nxe5 dxe5 9. Qxd8+ Kxd8 10. b3 c6 11. Ba3 Kc7 12. 0-0-0 Rd8 13. Rxd8 Kxd8 14. h3 Be6 15. g4 Kc7 16. Rd1 Rd8 17. Rxd8 Kxd8 18. g5 Nd7 19. Bg4 Bxg4 20. hxg4 f5 21. gxf6 Nxf6 22. g5 Ne8 23. Ne4 b6 24. Kd2 Kd7 25. Kd3 Ke6 26. Ng3 Nd6 27. Bxd6 Kxd6 28. Ne2 a6 29. Nc3 Bf8 30. Ne4+ Ke6 31. Ng3 b5 32. f4 exf4 33. exf4 bxc4+ 34. bxc4 Ba3 35. Kd4 a5 36. Kd3 Bc1 37. Ne2 Bb2 38. Ng3 a4 39. Ke3 Bc1+ 40. Kf3 Bb2 41. Ke3 Bg7 42. Ne4 Kf5 43. Kf3 Bf8 44. Ng3+ Ke6 45. Ne4 Be7 46. Nf2 Bc5 47. Nd3 Bf8 48. Ke4 Kd6 49. Ne5 Bg7 50. Nd3 Bc3 51. Kf3 Ke6 52. Ke4 Kd6 1/2-1/2

[Event "DEN-ch cand"]
[Site "Skorping"]
[Date "2017.04.12"]
[Round "2"]
[White "Rossen, Claus"]
[Black "Christensen, Tobias"]
[Result "0-1"]
[WhiteElo "2190"]
[BlackElo "2361"]
[PlyCount "78"]
[EventDate "2017.04.11"]
[EventType "swiss"]
[EventRounds "7"]
[EventCountry "DEN"]
[SourceTitle "EXT 2018"]
[Source "ChessBase"]
[SourceDate "2017.10.13"]
[SourceVersion "1"]
[SourceVersionDate "2017.10.13"]
[SourceQuality "1"]

1. e4 g6 2. d4 Bg7 3. Nc3 c6 4. a4 d5 5. Be3 Qa5 6. Qd2 dxe4 7. Nxe4 Qxd2+ 8. Kxd2 Nh6 9. Nf3 0-0 10. Bc4 Nd7 11. a5 Nf5 12. g4 Nxe3 13. fxe3 Nf6 14. Nxf6+ exf6 15. Rhg1 Re8 16. Ra3 Rb8 17. Rb3 Bd7 18. h3 f5 19. Ng5 Re7 20. Rf1 Bf6 21. Nxf7 Rxf7 22. gxf5 gxf5 23. e4 Kf8 24. Bxf7 Kxf7 25. exf5 Bg5+ 26. Kd1 Kf6 27. c4 c5 28. Rd3 cxd4 29. Rxd4 Ba4+ 30. Ke2 Re8+ 31. Kf3 Bc6+ 32. Kg3 Re3+ 33. Kf2 Rb3 34. Re1 Rf3+ 35. Ke2 Rxh3 36. b4 Bf3+ 37. Kf2 Kxf5 38. Re8 Bc6 39. Rg8 Be3+ 0-1

[Event "DEN-chT 1617 55th"]
[Site "Denmark"]
[Date "2017.01.08"]
[Round "5.5"]
[White "Christensen, Tobias"]
[Black "Clausen, Steen"]
[Result "1-0"]
[WhiteElo "2343"]
[BlackElo "2188"]
[PlyCount "65"]
[EventDate "2016.10.29"]
[EventType "team-tourn"]
[EventRounds "9"]
[EventCountry "DEN"]
[SourceTitle "EXT 2018"]
[Source "ChessBase"]
[SourceDate "2017.10.13"]
[SourceVersion "1"]
[SourceVersionDate "2017.10.13"]
[SourceQuality "1"]
[WhiteTeam "Aarhus/Skolerne"]
[BlackTeam "Valby K41"]
[WhiteTeamCountry "DEN"]
[BlackTeamCountry "DEN"]

1. e4 d6 2. d4 Nf6 3. Nc3 g6 4. f4 Bg7 5. Nf3 a6 6. e5 Nfd7 7. Bc4 Nb6 8. Bb3 d5 9. a4 e6 10. 0-0 h5 11. Be3 Nc6 12. a5 Nd7 13. Bf2 Ne7 14. Bh4 c6 15. Ne2 Qc7 16. Bxe7 Kxe7 17. c4 Nf8 18. Qd2 Ke8 19. Nc3 Qd8 20. Na4 Nd7 21. Rae1 dxc4 22. Bxc4 b5 23. axb6 Nxb6 24. b3 Nxa4 25. bxa4 a5 26. Rb1 Bf8 27. Ng5 Bb4 28. Qd3 Kf8 29. h4 Kg7 30. f5 gxf5 31. Nxf7 Qxh4 32. Nxh8 Bd7 33. Nf7 1-0

[Event "Copenhagen Obro New Year op"]
[Site "Copenhagen"]
[Date "2017.??.??"]
[Round "5"]
[White "Porte, Henrik"]
[Black "Christensen, Tobias"]
[Result "1/2-1/2"]
[WhiteElo "2115"]
[BlackElo "2357"]
[PlyCount "74"]
[EventDate "2017.12.27"]
[EventType "swiss"]
[EventRounds "7"]
[EventCountry "DEN"]
[SourceTitle "CBM 182 Extra"]
[Source "ChessBase"]
[SourceDate "2018.02.23"]
[SourceVersion "1"]
[SourceVersionDate "2018.02.23"]
[SourceQuality "1"]

1. d4 d5 2. c4 c6 3. Nf3 Nf6 4. Nc3 dxc4 5. a4 Bf5 6. Ne5 Nbd7 7. Nxc4 Qc7 8. g3 e5 9. dxe5 Nxe5 10. Bf4 Nfd7 11. Bg2 g5 12. Ne3 gxf4 13. Nxf5 0-0-0 14. 0-0 fxg3 15. hxg3 h5 16. Rc1 Nf6 17. Qc2 Kb8 18. Nb5 Qb6 19. Qc3 Nfg4 20. e3 cxb5 21. a5 b4 22. Qxe5+ Nxe5 23. axb6 axb6 24. Rfd1 Bc5 25. Bd5 Rd7 26. Kg2 Rhd8 27. e4 Ng4 28. f3 Ne3+ 29. Nxe3 Bxe3 30. Rc4 Rg8 31. Rh1 Bf4 32. Rh3 Bd6 33. Rc2 h4 34. Rxh4 Bxg3 35. Rg4 Rxg4 36. fxg4 Be5 37. g5 Bf4 1/2-1/2

[Event "DEN-chT 1617 55th"]
[Site "Denmark"]
[Date "2016.10.30"]
[Round "2.4"]
[White "Hoi, Carsten"]
[Black "Christensen, Tobias"]
[Result "0-1"]
[WhiteElo "2382"]
[BlackElo "2343"]
[PlyCount "156"]
[EventDate "2016.10.29"]
[EventType "team-tourn"]
[EventRounds "9"]
[EventCountry "DEN"]
[SourceTitle "EXT 2018"]
[Source "ChessBase"]
[SourceDate "2017.10.13"]
[SourceVersion "1"]
[SourceVersionDate "2017.10.13"]
[SourceQuality "1"]
[WhiteTeam "Bronshoj"]
[BlackTeam "Aarhus/Skolerne"]
[WhiteTeamCountry "DEN"]
[BlackTeamCountry "DEN"]

1. d4 d5 2. c4 c6 3. Nf3 Nf6 4. Nc3 dxc4 5. a4 Bf5 6. e3 e6 7. Bxc4 Bb4 8. 0-0 Nbd7 9. Qe2 Bg6 10. Rd1 Qe7 11. a5 0-0 12. a6 b6 13. Bd3 Bxd3 14. Qxd3 e5 15. Ne4 exd4 16. Nxf6+ Nxf6 17. exd4 Rfe8 18. Bg5 Qe2 19. Qb3 Nd5 20. Ne5 Rac8 21. Be3 Bd6 22. Re1 Qh5 23. Nf3 Re6 24. Bd2 Rg6 25. g3 Qh3 26. Ne5 Bxe5 27. dxe5 Re6 28. Rac1 h5 29. Qf3 Qg4 30. Kg2 Qxf3+ 31. Kxf3 Rce8 32. Rc4 f6 33. Rec1 c5 34. b4 cxb4 35. Rd4 Rxe5 36. Bf4 Nxf4 37. gxf4 Rc5 38. Rcd1 Rc3+ 39. Kg2 Re7 40. Rxb4 Ra3 41. Rb5 g6 42. f5 Kg7 43. h4 Rxa6 44. Kg3 Ra3+ 45. f3 Ree3 46. Rd7+ Kh6 47. Kg2 Rxf3 48. Rxa7 Rxf5 49. Rxf5 Rxa7 50. Rxf6 Rb7 51. Rf4 Kg7 52. Rb4 b5 53. Kg3 Kf6 54. Kf4 Rb6 55. Ke4 Ra6 56. Rxb5 Ra4+ 57. Kf3 Rxh4 58. Kg3 Re4 59. Rb8 Kf5 60. Rb5+ Re5 61. Rb8 Re3+ 62. Kf2 Ra3 63. Rb5+ Kg4 64. Rb4+ Kg5 65. Rb5+ Kh6 66. Rb4 Ra6 67. Rb5 g5 68. Rb8 g4 69. Rb5 Ra3 70. Kg2 Kg6 71. Rc5 Rf3 72. Rc6+ Kg5 73. Rc5+ Rf5 74. Rc8 Ra5 75. Kg1 Ra1+ 76. Kg2 Ra2+ 77. Kg1 Kh4 78. Rc5 g3 0-1

[Event "Vaxjo Visma IM-B"]
[Site "Vaxjo"]
[Date "2016.07.03"]
[Round "9"]
[White "Christensen, Tobias"]
[Black "Bjerre, Jonas Buhl"]
[Result "0-1"]
[WhiteElo "2346"]
[BlackElo "2410"]
[PlyCount "102"]
[EventDate "2016.06.29"]
[EventType "tourn"]
[EventRounds "9"]
[EventCountry "SWE"]
[EventCategory "4"]
[SourceTitle "EXT 2017"]
[Source "ChessBase"]
[SourceDate "2016.10.25"]
[SourceVersion "1"]
[SourceVersionDate "2016.10.25"]
[SourceQuality "1"]

1. d4 Nf6 2. Nf3 e6 3. c3 c5 4. Bf4 b6 5. e3 Bb7 6. Bd3 Be7 7. dxc5 bxc5 8. Qb3 Qc8 9. Nbd2 0-0 10. 0-0 d5 11. c4 Nc6 12. Rac1 d4 13. exd4 cxd4 14. c5 Nh5 15. Bd6 Qd7 16. Ne5 Nxe5 17. Bxe5 Rfc8 18. Be4 Bxe4 19. Nxe4 Nf6 20. Qg3 Nh5 21. Qf3 Qd5 22. Qxh5 Qxe4 23. Rce1 Qg6 24. Qxg6 hxg6 25. b4 Rd8 26. Rb1 f6 27. Bc7 Rdc8 28. Ba5 e5 29. Rfe1 Kf7 30. Re4 Rab8 31. Rd1 Bd8 32. Bxd8 Rxd8 33. a3 a5 34. f4 Rd5 35. fxe5 fxe5 36. Rf1+ Ke7 37. Rg4 axb4 38. Rxg6 Rxc5 39. Rxg7+ Ke6 40. axb4 Rxb4 41. h4 d3 42. Rg6+ Kd5 43. Rd1 e4 44. h5 Kd4 45. h6 Ke3 46. Rg3+ Ke2 47. Rf1 e3 48. Rh3 d2 49. h7 Rb8 50. h8Q Rxh8 51. Rxh8 Rc1 0-1

[Event "Vaxjo Visma IM-B"]
[Site "Vaxjo"]
[Date "2016.06.30"]
[Round "3"]
[White "Kenneskog, Theodor"]
[Black "Christensen, Tobias"]
[Result "1/2-1/2"]
[WhiteElo "2249"]
[BlackElo "2346"]
[PlyCount "64"]
[EventDate "2016.06.29"]
[EventType "tourn"]
[EventRounds "9"]
[EventCountry "SWE"]
[EventCategory "4"]
[SourceTitle "EXT 2017"]
[Source "ChessBase"]
[SourceDate "2016.10.25"]
[SourceVersion "1"]
[SourceVersionDate "2016.10.25"]
[SourceQuality "1"]

1. d4 d5 2. c4 c6 3. cxd5 cxd5 4. Bf4 Nf6 5. Nc3 a6 6. e3 Nc6 7. Bd3 e6 8. Rc1 Bd6 9. Bxd6 Qxd6 10. f4 Qb4 11. Qd2 Ng4 12. Nf3 f5 13. 0-0 0-0 14. h3 Nf6 15. Ne5 Bd7 16. Rc2 Qe7 17. a3 Nxe5 18. dxe5 Ne4 19. Bxe4 fxe4 20. Ne2 Bb5 21. Rfc1 Bxe2 22. Qxe2 Rf7 23. Rc8+ Rxc8 24. Rxc8+ Rf8 25. Qc2 Qd7 26. Rc7 Qb5 27. Qc5 Qxc5 28. Rxc5 h6 29. Rc7 Rf7 30. Rc8+ Rf8 31. Rc7 Rf7 32. Rc8+ Rf8 1/2-1/2

[Event "DEN-chT 1516 54th"]
[Site "Denmark"]
[Date "2015.11.01"]
[Round "2"]
[White "Christensen, Tobias"]
[Black "Ostergaard, Jens"]
[Result "1/2-1/2"]
[WhiteElo "2349"]
[BlackElo "2254"]
[PlyCount "21"]
[EventDate "2015.10.31"]
[EventType "team-tourn"]
[EventRounds "9"]
[EventCountry "DEN"]
[SourceTitle "CBM 169 Extra"]
[Source "ChessBase"]
[SourceDate "2015.12.18"]
[SourceVersion "1"]
[SourceVersionDate "2015.12.18"]
[SourceQuality "1"]
[WhiteTeam "Aarhus/Skolerne"]
[BlackTeam "Hillerod"]
[WhiteTeamCountry "DEN"]
[BlackTeamCountry "DEN"]

1. e4 c5 2. g3 Nc6 3. Bg2 g6 4. Ne2 Bg7 5. 0-0 d6 6. c4 Bd7 7. Nbc3 Qc8 8. Re1 Bh3 9. Bh1 e5 10. d3 h5 11. Nd5 1/2-1/2

[Event "Copenhagen Challenge"]
[Site "Ballerup"]
[Date "2015.05.03"]
[Round "9"]
[White "Christensen, Tobias"]
[Black "Hector, Jonny"]
[Result "0-1"]
[WhiteElo "2359"]
[BlackElo "2481"]
[PlyCount "94"]
[EventDate "2015.04.29"]
[EventType "swiss"]
[EventRounds "9"]
[EventCountry "DEN"]
[SourceTitle "CBM 166 Extra"]
[Source "ChessBase"]
[SourceDate "2015.06.18"]
[SourceVersion "1"]
[SourceVersionDate "2015.06.18"]
[SourceQuality "1"]

1. e4 e5 2. Nf3 Nc6 3. d4 exd4 4. Nxd4 Qf6 5. Nxc6 Bc5 6. Qf3 bxc6 7. Nd2 a5 8. Bd3 d6 9. 0-0 a4 10. Re1 Be6 11. e5 Qxf3 12. Nxf3 d5 13. Bd2 Ne7 14. b4 axb3 15. axb3 Kd7 16. Bc3 Bb6 17. Kf1 c5 18. Rxa8 Rxa8 19. Ra1 Rxa1+ 20. Bxa1 Ba5 21. Bb2 h6 22. h3 d4 23. Ba3 Bb6 24. Bb5+ c6 25. Bd3 Ng6 26. Be4 Bd5 27. Bf5+ Ke8 28. Bxg6 fxg6 29. Ne1 c4 30. bxc4 Bxc4+ 31. Nd3 g5 32. g3 Be6 33. Kg2 Bf5 34. f4 gxf4 35. gxf4 Kf7 36. h4 h5 37. Kf3 Ke6 38. Bc5 Bxc5 39. Nxc5+ Kd5 40. Nd3 c5 41. Ke2 c4 42. Ne1 Ke4 43. Ng2 Bh3 44. Kf2 c3 45. Ne1 Kxf4 46. Nf3 d3 47. e6 d2 0-1